000 00672nam a22002177a 4500
999 _c156778
_d156778
005 20180929153346.0
006 a|||||f|||| 00| 0
007 tc
008 180720b xxu||||| |||| 00| 0 eng d
010 _aBR-002377-BR-002378
020 _c28.00
035 _aBR-002377
037 _bA.I.C.B.
082 _aS
245 _aMoney kumar and Moneetary policy
260 _aDelhi
_bA.C.I.B.
_cN.D.
270 _aSector-5, Rohini,
_b New Delhi
_e110085
300 _avarious pages.
_c30cm(HB).
942 _2ddc
_cBRLEN
_hS
_mMON